The Price of Life (Record no. 335117)
[ view plain ]
| 000 -LEADER | |
|---|---|
| fixed length control field | 00479nam a2200097Ia 4500 |
| 008 - FIXED-LENGTH DATA ELEMENTS--GENERAL INFORMATION | |
| fixed length control field | 170517s9999 xx 000 0 und d |
| 245 #4 - TITLE STATEMENT | |
| Title | The Price of Life |
| 300 ## - PHYSICAL DESCRIPTION | |
| Extent | Documentary about the rationing of high cost cancer drugs by the National Institute for Health and Clinical Excellence. On a finite budget, the NHS cannot afford to offer every treatment on the market, so how is it decided which... |
| 650 ## - SUBJECT ADDED ENTRY--TOPICAL TERM | |
| General subdivision | Technology. |
| 856 ## - ELECTRONIC LOCATION AND ACCESS | |
| Uniform Resource Identifier | <a href="http://topdocumentaryfilms.com/price-life/">http://topdocumentaryfilms.com/price-life/</a> |
| Withdrawn status | Lost status | Damaged status | Home library | Current library | Date acquired | Total Checkouts | Date last seen | Price effective from | Koha item type |
|---|---|---|---|---|---|---|---|---|---|
| College Library | College Library | 05/17/2017 | 05/17/2017 | 05/17/2017 | Documentary Films |